| 000 | 00932nam a2200301 a 4500 | ||
|---|---|---|---|
| 001 | vtls000103104 | ||
| 003 | NLI | ||
| 005 | 20210601201856.0 | ||
| 008 | 101125s1967 enka 001 0 eng | ||
| 020 | _cRs. 45.00 | ||
| 039 | 9 |
_y201011251143 _zVLOAD |
|
| 040 |
_aNLI _beng _cDataSoft _eAACR2 |
||
| 041 | 0 | _aeng | |
| 044 | _aenk | ||
| 082 | 0 | 4 | _a331.886 |
| 100 | 1 |
_aRenshaw, Patrick, _d1936- _9215940 |
|
| 245 | 1 | 4 |
_aThe wobblies : _bthe story of syndicalism in the United States / _cPatrick Renshaw |
| 260 |
_aLondon : _bEyre and Spothis Woode, _c1967 |
||
| 300 |
_a312 p. : _bill. ; _c21 cm. |
||
| 500 | _aIncludes index | ||
| 650 | 0 |
_aSyndicalism _zUnited States _xHistory _9215941 |
|
| 650 | 0 |
_aLabor union and communism _zUnited States _xHistory _9211911 |
|
| 887 | _a | ||
| 901 |
_a384534 _b31.01.1968 |
||
| 902 | _aE331.886 R297 | ||
| 949 |
_AVIRTUAITEM _D10000 _X100 _6PUR000384534ENG |
||
| 942 |
_2ddc _cBKS |
||
| 999 |
_aVIRTUA00 _c106965 _d106965 |
||